Revue de philologie et d'ethnographie / (Record no. 2131)

MARC details
000 -LEADER
campo de control de longitud fija 00961nas a2200289 i 4500
001 - NÚMERO DE CONTROL
campo de control 2131
003 - IDENTIFICADOR DE NÚMERO DE CONTROL
campo de control ES-MaACL
005 - FECHA Y HORA DE LA ÚLTIMA TRANSACCIÓN
campo de control 20251012210423.0
007 - CAMPO FIJO DE DESCRIPCIÓN FÍSICA--INFORMACIÓN GENERAL
campo de control de longitud fija t|
008 - DATOS DE LONGITUD FIJA--INFORMACIÓN GENERAL
campo de control de longitud fija 950801c1874 fr | | 1 ||re d
080 ## - NÚMERO DE LA CLASIFICACIÓN DECIMAL UNIVERSAL
Número de la Clasificación Decimal Universal 39
245 00 - MENCIÓN DEL TÍTULO
Título Revue de philologie et d'ethnographie /
Mención de responsabilidad, etc. publiée par Ch. E. de Ujfalvy.
260 ## - PUBLICACIÓN, DISTRIBUCIÓN, ETC.
Lugar de publicación, distribución, etc. Paris :
Nombre del editor, distribuidor, etc. Ernest Leroux,
Fecha de publicación, distribución, etc. 1874- (
Lugar de fabricación/manufactura Saint-Germain :
Fabricante Eugène Heutte et Cie)
300 ## - DESCRIPCIÓN FÍSICA
Extensión 6 v. ;
Dimensiones 24 cm.
310 ## - PERIODICIDAD ACTUAL
Periodicidad actual Irregular
362 0# - FECHAS DE PUBLICACIÓN Y/O DESIGNACIÓN SECUENCIAL
Fecha de publicación y/o designación secuencial Año I (1874)-
500 ## - NOTA GENERAL
Nota general No se publicó en 1879.
650 14 - PUNTO DE ACCESO ADICIONAL DE MATERIA--TÉRMINO DE MATERIA
Término de materia o nombre geográfico como elemento de entrada Lingüística. Filología.
9 (RLIN) 14477
650 #4 - PUNTO DE ACCESO ADICIONAL DE MATERIA--TÉRMINO DE MATERIA
Término de materia o nombre geográfico como elemento de entrada Antropología. Etnología.
9 (RLIN) 9890
700 1# - ENTRADA AGREGADA--NOMBRE PERSONAL
Nombre de persona Ujfalvy de Mezo-Kövesd, Charles Eugène de,
Fechas asociadas al nombre 1842-1904
9 (RLIN) 111911
700 1# - ENTRADA AGREGADA--NOMBRE PERSONAL
Nombre de persona Riemann, Othon.
9 (RLIN) 97093
700 1# - ENTRADA AGREGADA--NOMBRE PERSONAL
Nombre de persona Chatelain, Emile.
9 (RLIN) 38182
785 00 - ENTRADA/ENLACE A UN TÍTULO POSTERIOR
Encabezamiento principal Revue de philologie de littérature et d'histoire anciennes
Lugar, editor y fecha de publicación 1880
852 ## - LOCALIZACIÓN
Ubicación ES-MaACL
Número de control de estantería Hem-442
866 #0 - MENCIÓN TEXTUAL DE FONDOS--UNIDAD BIBLIOGRÁFICA BÁSICA
Fondos 1874-78.1880-82.
Holdings
Estatus retirado Estado de pérdida Estado de daño No para préstamo Colección Biblioteca de origen Biblioteca actual Ubicación en estantería Fecha de adquisición Fuente de adquisición Total de préstamos Signatura topográfica completa Código de barras Visto por última vez Precio de reemplazo Tipo de ítem Koha
        Periódicos y Revistas Biblioteca del Ateneo de Madrid Biblioteca del Ateneo de Madrid Depósito 1 17/01/2008     Hem-442 1002170 23/02/2023 23/02/2023 Revista